Online
Catalog

Cuando el destin0 nos alcance...terrerismo, democracia y seguridad / (Record no. 20868)

MARC details
000 -CABECERA
campo de control de longitud fija 02058nam a2200361 a 4500
001 - NÚMERO DE CONTROL
campo de control 000021368
005 - FECHA Y HORA DE LA ÚLTIMA TRANSACCIÓN
campo de control 20240430192052.0
008 - DATOS DE LONGITUD FIJA--INFORMACIÓN GENERAL
campo de control de longitud fija 100906s2002 sp ab r 000 | spa d
020 ## - NÚMERO INTERNACIONAL ESTÁNDAR DEL LIBRO
Número Internacional Estándar del Libro 9709273612
040 ## - FUENTE DE LA CATALOGACIÓN
Centro catalogador/agencia de origen DO-SdBNP
Lengua de catalogación spa
Centro/agencia transcriptor BNPHU
082 ## - NÚMERO DE LA CLASIFICACIÓN DECIMAL DEWEY
Número de clasificación 303.625
Número de documento/Ítem C961d
049 ## - FONDOS LOCALES (OCLC)
Fondos de biblioteca BNGR
245 00 - MENCIÓN DE TÍTULO
Título Cuando el destin0 nos alcance...terrerismo, democracia y seguridad /
Mención de responsabilidad, etc. coordinación de María Cristina Rosas; Walter Astié-Burgos... [et al.] ; prólogo de Georgina Sánchez.
260 ## - PUBLICACIÓN, DISTRIBUCIÓN, ETC.
Lugar de publicación, distribución, etc. México :
Nombre del editor, distribuidor, etc. Universidad Nacional Autónoma de México;
-- Editorial Quimera;
-- Australian National University,
Fecha de publicación, distribución, etc. 2002.
300 ## - DESCRIPCIÓN FÍSICA
Extensión 283 p. ;
Dimensiones 21 cm.
490 1# - MENCIÓN DE SERIE
Mención de serie Relaciones Internacionales
505 0# - NOTA DE CONTENIDO CON FORMATO
Información miscelánea I
Título Terrorismo en siglo xxi /
Mención de responsabilidad Walter Astié-Burgos
Información miscelánea II
Título El regreso de la historia /
Mención de responsabilidad Christian Reus-Smit
Información miscelánea III
Título Democracia y seguridad /
Mención de responsabilidad Leornando Curzio Gutiérrez
Información miscelánea IV
Título ¿Es apropiado responder con ataques militares? /
Mención de responsabilidad Richard Price
Información miscelánea V
Título Smart borders y seguridad nacional despues del 11 septiembre : ¿tomando "decisiones inteligentes"? /
Mención de responsabilidad Alejandro Dávila Flores
Información miscelánea VI
Título ¿Cuánto cambió el mundo después del 11 septiembre? /
Mención de responsabilidad María Cristina Rosas
Información miscelánea VII
Título La lucha contra el terrorismo y la respuesta de Australia /
Mención de responsabilidad Stuart Harris
Información miscelánea VIII
Título Armas biológicas : retrospectiva para mirar al futuro /
Mención de responsabilidad Alfonso Aragón Camarena
Información miscelánea IX
Título Terrorismo y armas químicas /
Mención de responsabilidad Benjamín Ruíz Loyola
650 #0 - PUNTO DE ACCESO ADICIONAL DE MATERIA--TÉRMINO DE MATERIA
Término de materia o nombre geográfico como elemento de entrada Terrorismo
9 (RLIN) 3230
650 #4 - PUNTO DE ACCESO ADICIONAL DE MATERIA--TÉRMINO DE MATERIA
Término de materia o nombre geográfico como elemento de entrada Terrorismo
Subdivisión geográfica América Latina
9 (RLIN) 44609
650 #4 - PUNTO DE ACCESO ADICIONAL DE MATERIA--TÉRMINO DE MATERIA
Término de materia o nombre geográfico como elemento de entrada Política internacional
Subdivisión cronológica SIGLO XXI
9 (RLIN) 44610
650 #4 - PUNTO DE ACCESO ADICIONAL DE MATERIA--TÉRMINO DE MATERIA
Término de materia o nombre geográfico como elemento de entrada Terroristas
9 (RLIN) 44611
700 1# - PUNTO DE ACCESO ADICIONAL--NOMBRE DE PERSONA
Nombre de persona Rosas, María Cristina
9 (RLIN) 26176
700 1# - PUNTO DE ACCESO ADICIONAL--NOMBRE DE PERSONA
Nombre de persona Astié-Burgos, Walter
9 (RLIN) 44612
700 1# - PUNTO DE ACCESO ADICIONAL--NOMBRE DE PERSONA
Nombre de persona Reus-Smit, Christian
9 (RLIN) 44613
700 1# - PUNTO DE ACCESO ADICIONAL--NOMBRE DE PERSONA
Nombre de persona Curzio Gutiérrez, Leornando
9 (RLIN) 44614
700 1# - PUNTO DE ACCESO ADICIONAL--NOMBRE DE PERSONA
Nombre de persona Price, Richard
9 (RLIN) 44615
700 1# - PUNTO DE ACCESO ADICIONAL--NOMBRE DE PERSONA
Nombre de persona Dávila Flores, Alejandro
9 (RLIN) 44616
700 1# - PUNTO DE ACCESO ADICIONAL--NOMBRE DE PERSONA
Nombre de persona Harris, Stuart
9 (RLIN) 44617
700 1# - PUNTO DE ACCESO ADICIONAL--NOMBRE DE PERSONA
Nombre de persona Aragón Camarena, Alfonso
9 (RLIN) 44618
700 1# - PUNTO DE ACCESO ADICIONAL--NOMBRE DE PERSONA
Nombre de persona Ruíz Loyola, Benjamín
9 (RLIN) 44619
700 1# - PUNTO DE ACCESO ADICIONAL--NOMBRE DE PERSONA
Nombre de persona Sánchez, Georgina,
Término indicativo de función/relación pról.
9 (RLIN) 44620
830 #0 - PUNTO DE ACCESO ADICIONAL DE SERIE-TÍTULO UNIFORME
Título uniforme Relaciones internacionales
9 (RLIN) 31425
Holdings
Estado de retiro Estado de pérdida Restricciones de uso No para préstamo Código de colección Localización permanente Ubicación/localización actual Ubicación en estantería Fecha de adquisición Número de inventario Total de préstamos Signatura topográfica completa Código de barras Fecha visto por última vez Precio válido a partir de Tipo de ítem Koha
        Monografías: Libros y Folletos General General En catalogación 06.09.2010 LF1   303.625 C961d 21368-10 25.06.2020 25.06.2020 Préstamo en sala

Powered by Koha